00810nam a2200181 a 450000100100000000500170001000800410002704000250006808200150009310000330010824502100014126000820035130000200043350400360045304900090048995201130049899900170061100001602520200929164236.0100223s1969 dr 000 0 spa d aDO-SdBNPbspacBNPHU axxxbP645d1 aPina Acevedo, Ramón91963113aUn defecto del sistema acusatorio :bla intervención de los terceros en la acción pública como garantía del derecho de no ser perjudicado por un fallo sin haber sido oído /cRamón Pina Acevedo. aCuernava, México :bColegio de Abogado de la República Dominicana,c1969. a24 p. ;c24 cm. aIncluye bibliografías [p. 24] aBNPD 0010718PDaPDbPDcCTd2010-02-23iLF1l0oxxx P645dp16025-10r2020-06-25w2020-06-25yLFPDZNo se presta c15567d15567